|
|
|
|
| LEADER |
00000cab a2200000 a 4500 |
| 001 |
vtls000686994 |
| 005 |
20260427095621.0 |
| 008 |
170412|1999 xo |||||||||| ||||||slo |
| 015 |
|
|
|a SNBRB1999/04-08863
|
| 035 |
|
|
|a CLN000039161
|
| 040 |
|
|
|a SNKBUCL
|b slo
|c SNKBUCL
|e AACR2
|
| 041 |
0 |
|
|a slo
|
| 044 |
|
|
|a xo
|c SK
|
| 080 |
|
|
|a 325.252(437.6:71)
|2 1997
|
| 080 |
|
|
|a 325.14(71)
|2 1997
|
| 080 |
|
|
|a 314.15-026.44
|2 1997
|
| 245 |
0 |
0 |
|a Krajina neobmedzených možností
|b do Kanady sa ročne vysťahuje zo SR asi tristo odborníkov
|c Gabriela Klestincová, Jozef Burza
|
| 300 |
|
|
|b Fotogr.
|
| 650 |
0 |
7 |
|a prisťahovalecká politika
|2 snkbucl
|9 1323077
|
| 650 |
0 |
7 |
|a emigrácia a imigrácia
|2 sknbucl
|9 3821
|
| 651 |
|
7 |
|a Kanada
|2 snkbucl
|9 17505
|
| 651 |
|
7 |
|a Slovensko
|2 snkbucl
|9 14231
|
| 655 |
|
7 |
|a články z novín a časopisov
|2 snkbucl
|9 267496
|
| 773 |
0 |
|
|t Hospodársky denník
|g Roč. 1, č. 33 (6.4.1999), s. 4
|x 1335-4124
|
| 852 |
|
|
|a Slovenská národná knižnica
|
| 958 |
|
|
|a RBX
|
| 958 |
|
|
|a SK
|
| 958 |
|
|
|a CA
|
| 999 |
|
|
|c 1453113
|d 1455043
|